000 01324 a2200253 4500
001 45967
005 20260407155732.0
008 260407a1986 arg spa d
003 AR-UNSa-BCEJYS
040 _aAR-UNSa-BCEJYS
_bspa
_cAR-UNSa-BCEJYS
080 _a330.342.14
_xEconomía capitalista
245 1 0 _aRegulación y crisis del capitalismo
_pla experiencia de los Estados Unidos
020 _a978-968-23-0486-6
250 _a3a. ed.
264 1 _aMéxico :
_bSiglo Veintiuno editores
_c1986
300 _a344 p.
_c22 cm.
505 _aPrimera Parte: Las transformaciones de la relación salarial. Las leyes de la acumulación del capital: 1. La producción del capital – 2. Las transformaciones del proceso de trabajo – 3. La transformación de las condiciones de existencia del trabajo asalariado - - Segunda Parte: Las transformaciones de las relaciones intercapitalistas. Las leyes de la competencia: 4. Concentración y centralización del capital – 5. Tasa general de beneficio y competencia de capitales – 6. Sistema monetario, crédito y crisis.
041 _aspa
942 _cBK
590 _aniveau_biblio:m niveau_hierar:0
100 1 _aAglietta, Michel
700 1 _aBueno, Juan
856 4 1 _uhttps://www.biblioeco.unsa.edu.ar/pmb/images/libros/L127258.jpg
_yImagen de portada
_qimage/jpeg
999 _c4096
_d4096